[Event "CHN-ch rapid"]
[Site "Shenzhen"]
[Date "2017.12.07"]
[Round "2"]
[White "Bao, Qilin"]
[Black "Lou, Yiping"]
[Result "1-0"]
[WhiteElo "2426"]
[BlackElo "2462"]
[PlyCount "95"]
[EventDate "2017.12.07"]
[EventType "swiss (rapid)"]
[EventRounds "9"]
[EventCountry "CHN"]
[SourceTitle "CBM 182 Extra"]
[Source "ChessBase"]
[SourceDate "2018.02.23"]
[SourceVersion "1"]
[SourceVersionDate "2018.02.23"]
[SourceQuality "1"]

1. d4 Nf6 2. Nf3 d5 3. Bf4 e6 4. e3 Bd6 5. Bg3 0-0 6. Bd3 b6 7. Nbd2 Bb7 8. c3 Ne4 9. Qc2 f5 10. Ne5 Nd7 11. Nxd7 Qxd7 12. Nf3 c5 13. Bxd6 Qxd6 14. Ne5 a5 15. Qe2 Rf6 16. f4 Rh6 17. Bxe4 fxe4 18. g4 Ba6 19. Qf2 Rf6 20. h4 Rc8 21. Qd2 Rff8 22. h5 Rc7 23. a3 cxd4 24. Qxd4 Qc5 25. Rd1 Qb5 26. Rd2 Rf6 27. Kf2 Qc5 28. Kg3 Kf8 29. g5 Rf5 30. h6 Qxd4 31. Rxd4 Kg8 32. hxg7 Rxg7 33. Rd2 Rxe5 34. fxe5 Rxg5+ 35. Kf4 Rf5+ 36. Kg4 Rxe5 37. Rf2 Kg7 38. Rg1 h6 39. Kh4+ Rg5 40. Rxg5+ hxg5+ 41. Kxg5 a4 42. Rh2 Bc8 43. c4 dxc4 44. Rd2 Kf7 45. Rd8 Ba6 46. Rd7+ Ke8 47. Ra7 Bc8 48. Rxa4 1-0